000 01102cam a22003253a 4500
001 0000698
003 DO-SdBNP
005 20171110120418.0
007 0000698
008 861112 2010 sp c 000 0 spa d
010 _a
020 _a9789972209949
040 _aBPMSU
_cspa
_dBPMSU
_d
082 4 _a641.86
_2M516r
245 0 4 _aLas mejores recetas con chocolate /
_cdirección culinaria, preparación y styling Giovanna Maggiolo ; fotografía Jaime Gianella
260 _aBarcelona :
_bLexus,
_c2010.
300 _a221 p. :
_bretratos ;
_c35 cm.
500 _a
505 2 _tIntroducción --
_tGlosario --
_tUtensilios --
_tTécnicas y recetas clave --
_tCakes y muffins --
_tGalletas y brownies --
_tTartas y cheesecakes --
_tFrutas, trufas y bombones --
_tBebidas y helados --
600 _a
_x
650 4 _aCONFITERIA
650 4 _aDULCES
650 4 _aCHOCOLATE
700 1 2 _aMaggiolo, Giovanna
700 1 2 _aGianella, Jaime
_efot.
910 _aValidado. Control de calidad MFF
942 _2ddc
_cBK
945 _aInventariado, 2017/MFF
956 _2YLOCKWARD
_310
_8BPMSU
999 _c11479
_d11479